| 000 | 00826nam a22002177a 4500 | ||
|---|---|---|---|
| 005 | 20150707130553.0 | ||
| 008 | 140714b xxu||||| |||| 00| 0 Urdu d | ||
| 010 | _aUR-9166 | ||
| 020 | _c350.00 | ||
| 035 | _aU-7721 | ||
| 037 | _bDBAD | ||
| 040 |
_aDPL _bUrdu |
||
| 082 | _a840.8 | ||
| 100 | _aا يس کے مبين اللہ | ||
| 245 |
_aا ر د و ا و ر اڑ یا کا ا فسا نو یا د ب :تر قی پسند ی کے تنا ظر مين _cا يس کے مبين اللہ |
||
| 246 | h |
_aUrdu and Uria Fictions in the Perspective of Progressive Movement _bBy Dr. S.K. Mubinullah |
|
| 260 |
_bEducational Publishing House _c2013 _aDelhi |
||
| 270 |
_a3108,Vakil Stree,Kucha Pandit,Lal Kuan, _bDelhi _k23216162 _e110006 |
||
| 300 |
_a352ص _c22Cm (Hb) |
||
| 942 |
_2ddc _cUR _e _h840.8 _mا ے س |
||
| 999 |
_c94704 _d94704 |
||